|
|
|
|
| LEADER |
00000nkm a2200000 a 4500 |
| 001 |
vtls010171957 |
| 003 |
SK-MaSNL |
| 005 |
20260512125032.0 |
| 007 |
kp bo |
| 008 |
231206q1925 xx g kuslo |
| 015 |
|
|
|a SNBG
|
| 040 |
|
|
|a SNK
|b slo
|c SNK
|e AACR2
|
| 041 |
0 |
|
|a slo
|
| 043 |
|
|
|a e-xo---
|
| 044 |
|
|
|a xx
|
| 080 |
|
|
|a 640.41
|2 2001
|
| 080 |
|
|
|a 913(437.6)
|2 2001
|
| 080 |
|
|
|a (084.121)
|2 2001
|
| 245 |
0 |
0 |
|a Starý Smokovec - Grand Hotel
|h grafika
|
| 260 |
|
|
|a [S.l.]
|b Leonar
|c [1925?]
|
| 300 |
|
|
|a 1 pohľadnica
|b čiernobiela
|c 9 x 14 cm
|
| 650 |
0 |
7 |
|a hotely
|2 SNKPH
|9 18422
|
| 651 |
|
7 |
|a Starý Smokovec (Vysoké Tatry, Slovensko)
|2 SNKPH
|9 160864
|
| 655 |
|
7 |
|a miestne pohľadnice
|2 SNKPH
|9 70510
|
| 958 |
|
|
|a GC
|
| 958 |
|
|
|a GBN
|
| 999 |
|
|
|c 1005926
|d 1007856
|
| 952 |
|
|
|a SNK
|b SNK
|y PREZ
|7 0
|p 17A0647743
|o snkSP 4053
|0 0
|1 0
|4 0
|d 2010-09-25
|l 0
|r 2026-02-24 12:34:55
|w 2026-02-24
|